00893nam a2200205 a 450000100100000000500170001000800410002702000180006804000250008608200190011110000270013024501750015726000390033230000360037150400320040750000730043961000510051265000680056365000560063100004473420201002045603.0150108s2011 dr ac 000 0 spa d a9789945131499 aDO-SdBNPbspacBNPHU a334.683bS232r1 aSantana, Fidel,d1965-10aResistencia y colectivismo en los convites campesinos de la provincia San Cristóbal /cFidel Santana ; presentación Marisela Duval ; prólogo Dagoberto Tejeda Ortiz. aSanto Domingo :bMediabyte,c2011. a206 p. :bil., retrs. ;c22 cm. aBibliografía : p. 191-200 aIncluye referencias bibliográficas y notas al pie de las páginas24aASOCIACIÓN DE CONVITE CAMPESINO EL HIGUERITO 4aCooperativas agricolaszRepública Dominicana, San Cristóval 4aCampesinoszRepública Dominicana, San Cristóbal